Statistics for Countries With Swahili as an Official Language

Click here to take the quiz!

General Stats

  • This quiz has been taken 37 times
  • The average score is 7 of 7

Answer Stats

CountryStatus% Correct
KenyaOfficial
97%
RwandaOfficial
97%
TanzaniaOfficial
97%
BurundiMinority
94%
DR CongoMinority
94%
UgandaOfficial
94%
MozambiqueMinority
86%

Score Distribution

Percentile by Number Answered

Percent of People with Each Score

Your Score History

You have not taken this quiz